Связь между тепловыделением в ходе разложения биомассы и динамикой выхода продуктов пиролитической переработки; Наука. Технологии. Инновации; Ч. 4 : Энергетика

Podrobná bibliografie
Parent link:Наука. Технологии. Инновации: сборник научных трудов XIII Всероссийской научной конференции молодых ученых , Новосибирск, 2-6 декабря 2019 г./ Новосибирский государственный технический университет (НГТУ).— , 2019
Ч. 4 : Энергетика.— 2019.— [С. 200-204]
Hlavní autor: Астафьев А. В. Александр Владимирович
Korporativní autor: Национальный исследовательский Томский политехнический университет Инженерная школа энергетики Научно-образовательный центр И. Н. Бутакова (НОЦ И. Н. Бутакова)
Další autoři: Табакаев Р. Б. Роман Борисович
Shrnutí:Заглавие с экрана
Цель работы - исследование влияния выхода продуктов пиролиза биомассы с различным компонентным составом на тепловыделение в процессе разложения сырья. В качестве методов исследования использованы физический эксперимент и аттестованные методики ГОСТ. Результатом исследования являются температурные интервалы образования продуктов пиролиза и их связь с разложением основных компонентов сырья.
The aim of the work is research of the effect of biomass pyrolysis products yield with different component composition to the heat release during the decomposition of raw materials. Physical experiment and certified GOST methods were used as research methods. The result of the study is the temperature intervals of formation of pyrolysis products and their relationship with the decomposition of the main components of raw materials.
Jazyk:ruština
Vydáno: 2019
Témata:
On-line přístup:https://lomonosov-msu.ru/file/event/5809/eid5809_attach_29b2aa6d299c01f933cb3e91be63974420f35615.pdf#page=201
Médium: Elektronický zdroj Kapitola
KOHA link:https://koha.lib.tpu.ru/cgi-bin/koha/opac-detail.pl?biblionumber=661766

MARC

LEADER 00000naa0a2200000 4500
001 661766
005 20250829145314.0
035 |a (RuTPU)RU\TPU\network\32638 
035 |a RU\TPU\network\32637 
090 |a 661766 
100 |a 20200214d2019 k y0rusy50 ca 
101 0 |a rus 
102 |a RU 
135 |a drcn ---uucaa 
181 0 |a i  
182 0 |a b 
200 1 |a Связь между тепловыделением в ходе разложения биомассы и динамикой выхода продуктов пиролитической переработки  |f А. В. Астафьев, Р. Б. Табакаев 
203 |a Текст  |c электронный 
300 |a Заглавие с экрана 
320 |a [Библиогр.: 4 назв.] 
330 |a Цель работы - исследование влияния выхода продуктов пиролиза биомассы с различным компонентным составом на тепловыделение в процессе разложения сырья. В качестве методов исследования использованы физический эксперимент и аттестованные методики ГОСТ. Результатом исследования являются температурные интервалы образования продуктов пиролиза и их связь с разложением основных компонентов сырья. 
330 |a The aim of the work is research of the effect of biomass pyrolysis products yield with different component composition to the heat release during the decomposition of raw materials. Physical experiment and certified GOST methods were used as research methods. The result of the study is the temperature intervals of formation of pyrolysis products and their relationship with the decomposition of the main components of raw materials. 
461 |t Наука. Технологии. Инновации  |o сборник научных трудов XIII Всероссийской научной конференции молодых ученых , Новосибирск, 2-6 декабря 2019 г.  |o в 9 ч.  |f Новосибирский государственный технический университет (НГТУ)  |d 2019 
463 |t Ч. 4 : Энергетика  |v [С. 200-204]  |d 2019 
610 1 |a электронный ресурс 
610 1 |a труды учёных ТПУ 
610 1 |a тепловыделение 
610 1 |a разложение 
610 1 |a биомасса 
610 1 |a пиролитическая переработка 
700 1 |a Астафьев  |b А. В.  |c специалист в области теплоэнергетики  |c лаборант Томского политехнического университета  |f 1994-  |g Александр Владимирович  |3 (RuTPU)RU\TPU\pers\34149 
701 1 |a Табакаев  |b Р. Б.  |c специалист в области теплоэнергетики  |c научный сотрудник Томского политехнического университета, кандидат наук  |f 1986-  |g Роман Борисович  |3 (RuTPU)RU\TPU\pers\29598  |9 14133 
712 0 2 |a Национальный исследовательский Томский политехнический университет  |b Инженерная школа энергетики  |b Научно-образовательный центр И. Н. Бутакова (НОЦ И. Н. Бутакова)  |3 (RuTPU)RU\TPU\col\23504 
801 2 |a RU  |b 63413507  |c 20200214  |g RCR 
856 4 |u https://lomonosov-msu.ru/file/event/5809/eid5809_attach_29b2aa6d299c01f933cb3e91be63974420f35615.pdf#page=201 
942 |c CF